Biotechnology, immunology, biotechniques and biostatistics / (Record no. 8568)
[ view plain ]
| 000 -LEADER | |
|---|---|
| fixed length control field | 00509nam a2200169 4500 |
| 020 ## - INTERNATIONAL STANDARD BOOK NUMBER | |
| ISBN | 978-93-93168-42-9 |
| 050 ## - CALL NUMBER | |
| Classification number | R855.3 .G96 |
| 100 ## - AUTHOR | |
| Personal name | Gupta, P. K. |
| 245 ## - TITLE | |
| Title | Biotechnology, immunology, biotechniques and biostatistics / |
| Statement of responsibility, etc | by P. K. Gupta |
| 260 ## - PUBLICATION INFORMATION | |
| Place of publication | New Delhi |
| Name of publisher | Rajan Jain, Scientific International Ltd |
| Year of publication | 2026 |
| 300 ## - DESCRIPTION | |
| Number of Pages | 405p. |
| Other physical details | includes illus. |
| 650 ## - SUBJECTS | |
| Topical Term | Medical technology |
| 650 ## - SUBJECTS | |
| Topical Term | Pharmaceutical biotechnology |
| 650 ## - SUBJECTS | |
| Topical Term | Biotechnology. |
| 942 ## - ADDED ENTRY ELEMENTS (KOHA) | |
| Koha item type | Books |
| Withdrawn status | Lost status | Collection code | Home library | Current library | Shelving location | Date acquired | Source of acquisition | Full call number | Accession Number | Koha item type |
|---|---|---|---|---|---|---|---|---|---|---|
| Reference | Methodist University Library Main | Methodist University Library Main | General Stacks | 01/04/2026 | Purchase-Affordable Pages | R855.3 .G96 | 9286 | Books | ||
| Reference | Methodist University Library Main | Methodist University Library Main | General Stacks | 01/04/2026 | Purchase-Affordable Pages | R855.3 .G96 | 9287 | Books |